[Event "Warsaw Maciei Memorial"]
[Site "Warsaw"]
[Date "2023.07.10"]
[Round "7"]
[White "Hury, Tymoteusz"]
[Black "Podgorski, Maciej"]
[Result "0-1"]
[WhiteElo "1700"]
[BlackElo "1960"]
[PlyCount "106"]
[EventDate "2023.07.10"]
[EventType "swiss (blitz)"]
[EventRounds "11"]
[EventCountry "POL"]
[SourceTitle "CBM 215 Extra"]
[Source "ChessBase"]
[SourceDate "2023.09.30"]
[SourceVersion "1"]
[SourceVersionDate "2023.09.30"]
[SourceQuality "1"]

1. e4 e5 2. Nf3 Nc6 3. Nc3 Nf6 4. h3 Bb4 5. Nd5 Bc5 6. Nxf6+ Qxf6 7. c3 0-0 8. b4 Bb6 9. Bc4 d6 10. d3 h6 11. g4 Be6 12. g5 hxg5 13. Bxg5 Qg6 14. Bb3 Qh5 15. Qe2 Bxb3 16. axb3 f5 17. Rg1 fxe4 18. Nh4 Bxf2+ 19. Kd2 Qxe2+ 20. Kxe2 Bxg1 21. Rxg1 exd3+ 22. Kxd3 Kh7 23. Be3 d5 24. b5 e4+ 25. Kd2 Ne5 26. Ke2 Nf3 27. Nxf3 exf3+ 28. Kf2 Rae8 29. Bd4 Re2+ 30. Kf1 Rf7 31. Rg5 c6 32. bxc6 bxc6 33. Rh5+ Kg6 34. Rh4 f2 35. Rg4+ Kh7 36. Rxg7+ Rxg7 37. Kxe2 Rg3 38. Kxf2 Rxh3 39. Ke2 Kg6 40. Kd2 a6 41. b4 Kf5 42. Kc2 Ke4 43. Kb3 Rd3 44. Bb6 Rd1 45. Kc2 Rh1 46. Kb3 Kd3 47. Bd4 Rh4 48. Bb6 Rc4 49. Ka4 Kxc3 50. Bc7 Rxb4+ 51. Ka3 Rb7 52. Ba5+ Kc2 53. Be1 d4 0-1

[Event "Warsaw Maciei Memorial"]
[Site "Warsaw"]
[Date "2023.07.10"]
[Round "2"]
[White "Kowalski, Igor"]
[Black "Podgorski, Maciej"]
[Result "1-0"]
[WhiteElo "2380"]
[BlackElo "1960"]
[PlyCount "89"]
[EventDate "2023.07.10"]
[EventType "swiss (blitz)"]
[EventRounds "11"]
[EventCountry "POL"]
[SourceTitle "CBM 215 Extra"]
[Source "ChessBase"]
[SourceDate "2023.09.30"]
[SourceVersion "1"]
[SourceVersionDate "2023.09.30"]
[SourceQuality "1"]

1. d4 Nf6 2. Nf3 d5 3. c4 e6 4. g3 Be7 5. Bg2 dxc4 6. 0-0 Nbd7 7. a4 0-0 8. Qc2 a5 9. Qxc4 Nb6 10. Qc2 Bd7 11. Nc3 Bc6 12. e4 Bb4 13. e5 Nfd5 14. Ng5 g6 15. Nce4 h6 16. Nf3 Kg7 17. h4 Qd7 18. b3 Be7 19. Qe2 Nb4 20. Rd1 Rad8 21. Nf6 Qc8 22. h5 N6d5 23. Ne4 g5 24. Bd2 f5 25. exf6+ Nxf6 26. Nfxg5 hxg5 27. Nxg5 Bxg2 28. Nxe6+ Kf7 29. Ng5+ Kg8 30. Kxg2 Qd7 31. Qe6+ Qxe6 32. Nxe6 Rd6 33. Nxf8 Bxf8 34. Bf4 Rd7 35. h6 Kf7 36. Rac1 c6 37. Rh1 Kg6 38. Be5 Rh7 39. Rce1 Nbd5 40. Bxf6 Nxf6 41. Re6 Kf7 42. Re5 Rxh6 43. Rxh6 Bxh6 44. Rxa5 Kf8 45. Ra8+ 1-0

[Event "Warsaw Maciei Memorial"]
[Site "Warsaw"]
[Date "2023.07.10"]
[Round "9"]
[White "Podgorski, Maciej"]
[Black "Borowicz, Joachim"]
[Result "1-0"]
[WhiteElo "1960"]
[BlackElo "1480"]
[PlyCount "27"]
[EventDate "2023.07.10"]
[EventType "swiss (blitz)"]
[EventRounds "11"]
[EventCountry "POL"]
[SourceTitle "CBM 215 Extra"]
[Source "ChessBase"]
[SourceDate "2023.09.30"]
[SourceVersion "1"]
[SourceVersionDate "2023.09.30"]
[SourceQuality "1"]

1. e4 e5 2. Nf3 Nc6 3. Bc4 Nf6 4. Ng5 d5 5. exd5 b5 6. Bf1 Nxd5 7. Qf3 Qxg5 8. Qxd5 Bd7 9. Bxb5 Qf6 10. 0-0 Be7 11. Nc3 0-0 12. Qxd7 Nd4 13. Nd5 Qg6 14. Nxe7+ 1-0

[Event "Warsaw YMCA Spring-A 272nd"]
[Site "Warsaw"]
[Date "2023.05.16"]
[Round "4"]
[White "Podgorski, Maciej"]
[Black "Flis, Piotr"]
[Result "1-0"]
[WhiteElo "1940"]
[BlackElo "1712"]
[PlyCount "103"]
[EventDate "2023.04.14"]
[EventType "tourn"]
[EventRounds "11"]
[EventCountry "POL"]
[SourceTitle "EXT 2024"]
[Source "ChessBase"]
[SourceDate "2023.10.10"]
[SourceVersion "1"]
[SourceVersionDate "2023.10.10"]
[SourceQuality "1"]

1. e4 e5 2. Nf3 Nc6 3. Bc4 Nf6 4. d3 Bc5 5. 0-0 d6 6. a4 a5 7. Be3 Bxe3 8. fxe3 0-0 9. Nc3 Ne7 10. Qe1 Be6 11. Rd1 Ng6 12. Nh4 Nxh4 13. Qxh4 Bxc4 14. dxc4 Nd7 15. Qh5 Nf6 16. Qh3 Qd7 17. Qf3 Qg4 18. Nd5 Qxf3 19. gxf3 Nxd5 20. Rxd5 f5 21. c5 fxe4 22. fxe4 Rxf1+ 23. Kxf1 Ra6 24. Ke2 Rc6 25. cxd6 cxd6 26. Kd3 b6 27. c4 Kf7 28. Kc3 Ke6 29. b4 axb4+ 30. Kxb4 Kd7 31. Rd1 Kc7 32. Rf1 Kb7 33. h4 Rc7 34. h5 Kc6 35. Rf8 Re7 36. Rh8 h6 37. Rf8 Rc7 38. Rg8 Rf7 39. a5 bxa5+ 40. Kxa5 Rf1 41. Rxg7 Rh1 42. Kb4 Rxh5 43. Ra7 Rh1 44. Ra6+ Kd7 45. Kc3 Rg1 46. Kd3 Rg6 47. c5 Re6 48. c6+ Kc7 49. Kc4 h5 50. Kb5 Re8 51. Ra7+ Kb8 52. Kb6 1-0

[Event "Warsaw YMCA Golden Autumn 267th"]
[Site "Warsaw"]
[Date "2022.09.30"]
[Round "3"]
[White "Celinski, Kamil"]
[Black "Podgorski, Maciej"]
[Result "1-0"]
[WhiteElo "1959"]
[BlackElo "2059"]
[PlyCount "115"]
[EventDate "2022.09.30"]
[EventType "tourn"]
[EventRounds "13"]
[EventCountry "POL"]
[SourceTitle "EXT 2024"]
[Source "ChessBase"]
[SourceDate "2023.10.10"]
[SourceVersion "1"]
[SourceVersionDate "2023.10.10"]
[SourceQuality "1"]

1. e4 g6 2. d4 Bg7 3. Nf3 d6 4. Be2 Nf6 5. Nc3 0-0 6. 0-0 c6 7. a4 e5 8. dxe5 dxe5 9. Qxd8 Rxd8 10. h3 Nbd7 11. Be3 Re8 12. Rfd1 Bf8 13. Nd2 Nc5 14. f3 Ne6 15. Nc4 Nd4 16. Bd3 Nd7 17. Nxe5 Nxe5 18. Bxd4 Bg7 19. Be2 Be6 20. f4 Nc4 21. Bxg7 Kxg7 22. Bxc4 Bxc4 23. Rd7 Rab8 24. Rad1 Kf8 25. e5 Be6 26. R7d2 g5 27. fxg5 Bf5 28. g4 Bg6 29. Re2 Kg7 30. h4 h5 31. gxh6+ Kxh6 32. Rd6 Kg7 33. h5 Bh7 34. Rd7 Red8 35. Rxd8 Rxd8 36. Kg2 a5 37. Kf3 Bg8 38. Ne4 b5 39. axb5 cxb5 40. Nd6 Rb8 41. Rd2 b4 42. b3 Bh7 43. Nf5+ Kf8 44. Kf4 Kg8 45. Rd5 Ra8 46. Kg5 Kf8 47. Kf6 Bg8 48. Rd6 Ke8 49. Kg7 a4 50. bxa4 b3 51. cxb3 Bh7 52. Kxh7 f6 53. Ng7+ Ke7 54. Rxf6 Ra5 55. Kg6 Ra8 56. Rf7+ Kd8 57. Rf8+ Ke7 58. Rxa8 1-0

[Event "Warsaw YMCA Golden Autumn 267th"]
[Site "Warsaw"]
[Date "2022.09.30"]
[Round "5"]
[White "Chalupnik, Marcin"]
[Black "Podgorski, Maciej"]
[Result "0-1"]
[WhiteElo "2135"]
[BlackElo "2059"]
[PlyCount "90"]
[EventDate "2022.09.30"]
[EventType "tourn"]
[EventRounds "13"]
[EventCountry "POL"]
[SourceTitle "EXT 2024"]
[Source "ChessBase"]
[SourceDate "2023.10.10"]
[SourceVersion "1"]
[SourceVersionDate "2023.10.10"]
[SourceQuality "1"]

1. e4 c5 2. Nf3 d6 3. Bb5+ Nd7 4. c3 Ngf6 5. Qe2 a6 6. Ba4 b5 7. Bc2 c4 8. b3 Qc7 9. bxc4 bxc4 10. Na3 Nb6 11. e5 dxe5 12. Nxe5 Be6 13. 0-0 Nfd7 14. Nxd7 Bxd7 15. Rb1 e6 16. Qg4 Bd6 17. Qxg7 Bxh2+ 18. Kh1 Be5 19. Qg4 h5 20. Qe2 Bd6 21. Be4 Rc8 22. Nc2 Kf8 23. Ba3 Bxa3 24. Nxa3 Nd5 25. Nc2 Nf6 26. Nd4 Ng4 27. g3 f5 28. Bb7 Rb8 29. Nxe6+ Bxe6 30. Qxe6 Rxb7 31. Qxf5+ Kg7 32. Qg5+ Kh7 33. Kg1 Rxb1 34. Qxh5+ Nh6 35. Rxb1 Rf8 36. Re1 Qf7 37. Qc5 Nf5 38. Re4 Rb8 39. Kg2 Rf8 40. Qxc4 Qb7 41. f3 Rg8 42. Rg4 Rxg4 43. Qxg4 Qd5 44. Kh3 Qe6 45. d4 Qh6+ 0-1

[Event "Warsaw YMCA Golden Autumn 267th"]
[Site "Warsaw"]
[Date "2022.09.30"]
[Round "9"]
[White "Gorniewicz, Oskar"]
[Black "Podgorski, Maciej"]
[Result "0-1"]
[WhiteElo "1911"]
[BlackElo "2059"]
[PlyCount "96"]
[EventDate "2022.09.30"]
[EventType "tourn"]
[EventRounds "13"]
[EventCountry "POL"]
[SourceTitle "EXT 2024"]
[Source "ChessBase"]
[SourceDate "2023.10.10"]
[SourceVersion "1"]
[SourceVersionDate "2023.10.10"]
[SourceQuality "1"]

1. c4 Nf6 2. Nf3 g6 3. b3 Bg7 4. Bb2 0-0 5. e3 d6 6. Be2 e5 7. d4 Re8 8. dxe5 Ng4 9. h3 Nxe5 10. Nxe5 dxe5 11. Nc3 c6 12. Qc2 Bf5 13. e4 Be6 14. Rd1 Qc7 15. Bg4 Bxg4 16. hxg4 Nd7 17. Rd3 Rad8 18. g5 Nc5 19. Rdh3 Qd7 20. 0-0 Ne6 21. Bc1 Qe7 22. Rg3 Nd4 23. Qb2 Rd7 24. Nd1 Red8 25. Ne3 Ne6 26. Qe2 Nf4 27. Qg4 Rd4 28. Qf3 a5 29. Rg4 Qd7 30. Rxf4 exf4 31. Qxf4 Qd6 32. Qh4 Qe7 33. f3 h5 34. g4 hxg4 35. Nxg4 Rd1 36. Be3 Qd6 37. Nf6+ Bxf6 38. gxf6 Qe5 39. Rxd1 Rxd1+ 40. Kf2 Qh5 41. Qf4 Rh1 42. Qb8+ Kh7 43. Bf4 Qh4+ 44. Ke2 Re1+ 45. Kd3 Qxf6 46. Kd2 Qa1 47. Qc7 Qc1+ 48. Kd3 Rd1+ 0-1

[Event "Warsaw YMCA Golden Autumn 267th"]
[Site "Warsaw"]
[Date "2022.09.30"]
[Round "2"]
[White "Podgorski, Maciej"]
[Black "Szwaj, Jacek"]
[Result "0-1"]
[WhiteElo "2059"]
[BlackElo "1893"]
[PlyCount "76"]
[EventDate "2022.09.30"]
[EventType "tourn"]
[EventRounds "13"]
[EventCountry "POL"]
[SourceTitle "EXT 2024"]
[Source "ChessBase"]
[SourceDate "2023.10.10"]
[SourceVersion "1"]
[SourceVersionDate "2023.10.10"]
[SourceQuality "1"]

1. e4 d6 2. d4 Nf6 3. Nc3 Nbd7 4. Nge2 e5 5. g3 Be7 6. Bg2 c6 7. 0-0 b5 8. d5 cxd5 9. Nxd5 Nxd5 10. exd5 Nf6 11. a4 b4 12. c4 bxc3 13. Nxc3 Ba6 14. Re1 0-0 15. b4 Rc8 16. Nb5 Qd7 17. Be3 Bxb5 18. axb5 Qxb5 19. Rxa7 Bd8 20. Qa4 Rb8 21. Qxb5 Rxb5 22. Rb1 Ng4 23. Bc1 Nxf2 24. Kxf2 Bb6+ 25. Be3 Bxa7 26. Bxa7 Ra8 27. Be3 Ra2+ 28. Kg1 Ra4 29. Bd2 Kf8 30. Rc1 f5 31. Rc8+ Ke7 32. Rc7+ Ke8 33. Rc6 Kd7 34. Rc4 Ra3 35. Rc2 e4 36. Bf1 Rxd5 37. b5 Rb3 38. Kf2 Rxd2+ 0-1

[Event "Warsaw Szansa op"]
[Site "Warsaw"]
[Date "2022.09.18"]
[Round "8"]
[White "Padalka, Artem"]
[Black "Podgorski, Maciej"]
[Result "1-0"]
[WhiteElo "2184"]
[BlackElo "2059"]
[PlyCount "203"]
[EventDate "2022.09.17"]
[EventType "swiss (rapid)"]
[EventRounds "11"]
[EventCountry "POL"]
[SourceTitle "EXT 2023"]
[Source "ChessBase"]
[SourceDate "2022.10.05"]
[SourceVersion "1"]
[SourceVersionDate "2022.10.05"]
[SourceQuality "1"]

1. d4 d5 2. Nf3 Nf6 3. g3 e6 4. Bg2 c5 5. 0-0 Nc6 6. c3 Be7 7. Bf4 0-0 8. Na3 Qb6 9. Rb1 Bd7 10. dxc5 Bxc5 11. b4 Be7 12. Nc2 Ne4 13. Qd3 Bf6 14. c4 Nc3 15. c5 Qd8 16. Rb3 e5 17. Qxc3 exf4 18. Qd3 fxg3 19. hxg3 Qc8 20. Ncd4 Re8 21. e3 a5 22. a3 axb4 23. axb4 h5 24. Nb5 Bf5 25. Qd2 Qd7 26. Nd6 Re7 27. Nxf5 Qxf5 28. b5 Nd8 29. Rd3 Rd7 30. Rd1 Rc8 31. Rxd5 Rxd5 32. Qxd5 Qxd5 33. Rxd5 Ne6 34. Rxh5 Nxc5 35. Nd4 b6 36. Nc6 Kf8 37. Rd5 Ra8 38. Bf3 Ra1+ 39. Kg2 Rb1 40. Nd4 Be7 41. Be2 Rb2 42. Kf3 Ne6 43. Nxe6+ fxe6 44. Rd7 g5 45. Bc4 g4+ 46. Kxg4 Rxf2 47. Bxe6 Bc5 48. e4 Ke8 49. Rc7 Rb2 50. Rb7 Kd8 51. Bd7 Re2 52. Bc6 Re3 53. Kf4 Re1 54. g4 Rf1+ 55. Ke5 Rg1 56. Kf5 Rf1+ 57. Kg6 Rg1 58. Kf5 Rf1+ 59. Ke6 Rg1 60. Rd7+ Kc8 61. Rg7 Be3 62. Kd6 Rd1+ 63. Bd5 Bc5+ 64. Kc6 Kd8 65. Rd7+ Kc8 66. e5 Rc1 67. Rf7 Bd4+ 68. Kd6 Bc5+ 69. Ke6 Re1 70. g5 Bd4 71. Rf5 Rg1 72. Kd6 Bc5+ 73. Ke6 Be3 74. Kf6 Rd1 75. Be6+ Kc7 76. g6 Bh6 77. g7 Bxg7+ 78. Kxg7 Rb1 79. Rf7+ Kd8 80. Bd7 Rg1+ 81. Kf8 Re1 82. e6 Rxe6 83. Bc6 Re1 84. Rb7 Rf1+ 85. Kg7 Rg1+ 86. Kf6 Re1 87. Rxb6 Kc7 88. Rb7+ Kd6 89. Rd7+ Kc5 90. Rd5+ Kb6 91. Re5 Rd1 92. Ke6 Rd8 93. Ke7 Rd4 94. Bd7 Kc7 95. Rc5+ Kb6 96. Rh5 Kc7 97. Rc5+ Kb6 98. Rc2 Rd5 99. Ra2 Rd4 100. Kd8 Rh4 101. Ra6+ Kb7 102. Bc6+ 1-0

[Event "Warsaw Chess op-A"]
[Site "Warsaw"]
[Date "2022.07.19"]
[Round "2"]
[White "Sarkar, Justin"]
[Black "Podgorski, Maciej"]
[Result "1-0"]
[WhiteElo "2346"]
[BlackElo "1967"]
[PlyCount "85"]
[EventDate "2022.07.18"]
[EventType "swiss"]
[EventRounds "9"]
[EventCountry "POL"]
[SourceTitle "CBM 209 Extra"]
[Source "ChessBase"]
[SourceDate "2022.09.30"]
[SourceVersion "1"]
[SourceVersionDate "2022.09.30"]
[SourceQuality "1"]

1. d4 Nf6 2. c4 e6 3. Nc3 Bb4 4. Qc2 d5 5. a3 Bxc3+ 6. Qxc3 0-0 7. e3 dxc4 8. Bxc4 b6 9. Ne2 Bb7 10. 0-0 Nbd7 11. f3 c5 12. dxc5 Rc8 13. b4 bxc5 14. b5 Nb6 15. e4 Nxc4 16. Qxc4 Qa5 17. Bb2 Qd2 18. Bc1 Qa5 19. Bb2 Qd2 20. Bxf6 gxf6 21. Rfd1 Qe3+ 22. Kf1 Rfd8 23. a4 h5 24. a5 Kh7 25. a6 Ba8 26. Qc3 Qg5 27. h4 Qxh4 28. Rxd8 Rxd8 29. Qxc5 f5 30. Qxa7 fxe4 31. Qxf7+ Kh8 32. Nf4 Rg8 33. Qxh5+ Qxh5 34. Nxh5 exf3 35. b6 Bc6 36. b7 Rf8 37. Rb1 fxg2+ 38. Kg1 Rd8 39. b8Q Rxb8 40. Rxb8+ Kh7 41. Rb6 Bd5 42. Nf6+ Kg6 43. Nxd5 1-0

[Event "Warsaw Chess op-A"]
[Site "Warsaw"]
[Date "2022.07.18"]
[Round "1"]
[White "Podgorski, Maciej"]
[Black "Malek, Jan"]
[Result "1-0"]
[WhiteElo "1967"]
[BlackElo "2320"]
[PlyCount "81"]
[EventDate "2022.07.18"]
[EventType "swiss"]
[EventRounds "9"]
[EventCountry "POL"]
[SourceTitle "CBM 209 Extra"]
[Source "ChessBase"]
[SourceDate "2022.09.30"]
[SourceVersion "1"]
[SourceVersionDate "2022.09.30"]
[SourceQuality "1"]

1. e4 c5 2. Nf3 Nc6 3. Bb5 e5 4. 0-0 Bd6 5. c3 a6 6. Bc4 Nf6 7. d4 cxd4 8. cxd4 exd4 9. e5 Bxe5 10. Nxe5 Nxe5 11. Re1 0-0 12. Rxe5 Qc7 13. Rd5 Qxc4 14. Rxd4 Qc5 15. Be3 b5 16. Qf3 Qc2 17. Na3 Qxb2 18. Rb1 Qxa3 19. Qxa8 Qxa2 20. Rc1 h6 21. h3 Kh7 22. Rxc8 Rxc8 23. Qxc8 a5 24. Qc1 b4 25. Rh4 Kg8 26. Bd4 Ne8 27. Qc8 Qe6 28. Qa8 f5 29. Rf4 b3 30. Qxa5 Nd6 31. Qe5 Qg6 32. g4 h5 33. Qd5+ Kh7 34. Rxf5 Nxf5 35. Qxf5 hxg4 36. Qxg6+ Kxg6 37. hxg4 Kg5 38. f3 Kf4 39. Kf2 g5 40. Bb2 d5 41. Bd4 1-0

[Event "Warsaw Najdorf Memorial op-A"]
[Site "Warsaw"]
[Date "2022.07.12"]
[Round "4"]
[White "Staniak, Mariusz"]
[Black "Podgorski, Maciej"]
[Result "0-1"]
[WhiteElo "1777"]
[BlackElo "1967"]
[PlyCount "64"]
[EventDate "2022.07.09"]
[EventType "swiss"]
[EventRounds "9"]
[EventCountry "POL"]
[SourceTitle "CBM 209 Extra"]
[Source "ChessBase"]
[SourceDate "2022.09.30"]
[SourceVersion "1"]
[SourceVersionDate "2022.09.30"]
[SourceQuality "1"]

1. b3 e5 2. Bb2 Nc6 3. e3 Nf6 4. Bb5 Qe7 5. Bxc6 dxc6 6. Ne2 Bf5 7. 0-0 0-0-0 8. Qc1 h5 9. d4 e4 10. c4 h4 11. Nbc3 h3 12. g3 Bg4 13. b4 Qe6 14. d5 Qf5 15. Nd4 Qh5 16. dxc6 bxc6 17. Qc2 Be6 18. Nxe6 fxe6 19. Qe2 Rd2 20. Qxh5 Rxh5 21. Rab1 Bxb4 22. Na4 Bd6 23. Nc3 Rc5 24. Rfd1 Rxd1+ 25. Rxd1 Rxc4 26. Rd4 Rc5 27. Rd1 Be5 28. Na4 Ra5 29. Bxe5 Rxe5 30. Nc3 Rc5 31. Ne2 e5 32. Nc1 Rc2 0-1

[Event "Warsaw YMCA Autumn-A 248th"]
[Site "Warsaw"]
[Date "2021.12.16"]
[Round "12"]
[White "Podgorski, Maciej"]
[Black "Zysko, Jan"]
[Result "0-1"]
[WhiteElo "1980"]
[BlackElo "2080"]
[PlyCount "74"]
[EventDate "2021.09.24"]
[EventType "tourn"]
[EventRounds "13"]
[EventCountry "POL"]
[SourceTitle "EXT 2023"]
[Source "ChessBase"]
[SourceDate "2022.10.05"]
[SourceVersion "1"]
[SourceVersionDate "2022.10.05"]
[SourceQuality "1"]

1. e4 c5 2. Nf3 e6 3. d3 Nc6 4. g3 d6 5. Bg2 Nf6 6. 0-0 Be7 7. Re1 0-0 8. c3 Bd7 9. Nbd2 Qc7 10. a3 b5 11. b4 cxb4 12. axb4 a5 13. bxa5 Rxa5 14. Rxa5 Qxa5 15. Bb2 d5 16. e5 Ng4 17. h3 Nh6 18. Qb3 Nf5 19. g4 Nh4 20. Nxh4 Bxh4 21. d4 Nxd4 22. cxd4 Qxd2 23. Rf1 b4 24. f4 Bb5 25. Rd1 Qxf4 26. Qxb4 Be2 27. Rc1 Qf2+ 28. Kh1 Bf3 29. Rg1 Bxg2+ 30. Rxg2 Qf1+ 31. Kh2 Bg5 32. Ba3 Bf4+ 33. Rg3 Rc8 34. Qb2 Qe1 35. Qg2 Bxg3+ 36. Qxg3 Rc2+ 37. Qg2 Rxg2+ 0-1

[Event "POL-chT 2nd League"]
[Site "Sypniewo"]
[Date "2021.09.06"]
[Round "3.16"]
[White "Podgorski, Maciej"]
[Black "Wlodarczak, Damian"]
[Result "0-1"]
[WhiteElo "1980"]
[BlackElo "1820"]
[PlyCount "66"]
[EventDate "2021.09.04"]
[EventType "team-swiss"]
[EventRounds "9"]
[EventCountry "POL"]
[SourceTitle "CBM 204 Extra"]
[Source "ChessBase"]
[SourceDate "2021.11.30"]
[SourceVersion "1"]
[SourceVersionDate "2021.11.30"]
[SourceQuality "1"]
[WhiteTeam "Warszawa Zugzwang"]
[BlackTeam "Srem LKS Piast"]
[WhiteTeamCountry "POL"]
[BlackTeamCountry "POL"]

1. e4 d5 2. exd5 Qxd5 3. Nc3 Qa5 4. b4 Qxb4 5. Rb1 Qd6 6. Nf3 Nf6 7. d4 c6 8. Bc4 g6 9. Ng5 e6 10. Nge4 Nxe4 11. Nxe4 Qd8 12. Bg5 Be7 13. h4 b6 14. Qf3 f5 15. Bxe7 Qxe7 16. Ng3 0-0 17. h5 Kg7 18. hxg6 hxg6 19. Ne2 Ba6 20. Bxa6 Nxa6 21. Qxc6 Nb4 22. Qa4 Nd5 23. c4 Nf6 24. 0-0 Ne4 25. Rbd1 Rh8 26. Rd3 Rh7 27. f3 Rah8 28. fxe4 Rh1+ 29. Kf2 Qh4+ 30. g3 Rxf1+ 31. Kxf1 Qxe4 32. Qd1 Rh2 33. Qd2 Qg2+ 0-1

[Event "Rubinstein Memorial op-D 57th"]
[Site "Polanica Zdroj"]
[Date "2021.08.19"]
[Round "6"]
[White "Budnik, Mateusz"]
[Black "Podgorski, Maciej"]
[Result "1/2-1/2"]
[WhiteElo "2000"]
[BlackElo "1981"]
[PlyCount "99"]
[EventDate "2021.08.14"]
[EventType "swiss"]
[EventRounds "9"]
[EventCountry "POL"]
[SourceTitle "CBM 204 Extra"]
[Source "ChessBase"]
[SourceDate "2021.11.30"]
[SourceVersion "1"]
[SourceVersionDate "2021.11.30"]
[SourceQuality "1"]

1. Nf3 d5 2. b3 Bg4 3. Bb2 Bxf3 4. exf3 e6 5. g3 Nf6 6. Bg2 Be7 7. 0-0 0-0 8. d3 c5 9. Nd2 Nc6 10. f4 b5 11. a4 b4 12. Re1 Rc8 13. Nf1 Nd7 14. f5 Bf6 15. Bxf6 Qxf6 16. fxe6 fxe6 17. f4 a5 18. Qg4 Nd4 19. Ne3 Nb6 20. Qd1 g5 21. Qg4 h6 22. h4 Qg7 23. fxg5 hxg5 24. hxg5 Nd7 25. Qh5 Ne5 26. Rf1 Nef3+ 27. Bxf3 Nxf3+ 28. Kg2 Qxg5 29. Qxg5+ Nxg5 30. Rae1 Rxf1 31. Rxf1 Kg7 32. Rf2 Nf7 33. Ng4 c4 34. dxc4 dxc4 35. bxc4 Nd6 36. Kh3 Nxc4 37. Re2 Na3 38. Rxe6 Rxc2 39. Ne3 Rc3 40. Nd5 Rc5 41. Ne3 b3 42. Rb6 Rb5 43. Rxb5 Nxb5 44. Nc4 Nc3 45. Nb2 Kg6 46. Kg4 Kf6 47. Kf4 Ne2+ 48. Kf3 Nxg3 49. Ke3 Ke5 50. Kd3 1/2-1/2

[Event "Rubinstein Memorial op-A 57th"]
[Site "Polanica Zdroj"]
[Date "2021.08.16"]
[Round "3"]
[White "Podgorski, Maciej"]
[Black "Grinev, Valeriy"]
[Result "0-1"]
[WhiteElo "1981"]
[BlackElo "2425"]
[PlyCount "36"]
[EventDate "2021.08.14"]
[EventType "swiss"]
[EventRounds "9"]
[EventCountry "POL"]
[SourceTitle "CBM 203 Extra"]
[Source "ChessBase"]
[SourceDate "2021.09.30"]
[SourceVersion "1"]
[SourceVersionDate "2021.09.30"]
[SourceQuality "1"]

1. e4 Nf6 2. e5 Nd5 3. d4 d6 4. c4 Nb6 5. exd6 cxd6 6. b3 g6 7. Bb2 Bg7 8. Bd3 Nc6 9. Ne2 0-0 10. Nd2 d5 11. c5 Nd7 12. Qc1 e5 13. dxe5 Ndxe5 14. Bb1 Nb4 15. Nf4 Qg5 16. a3 Qxf4 17. axb4 Ng4 18. f3 Qe3+ 0-1

[Event "Rubinstein Memorial op-D 57th"]
[Site "Polanica Zdroj"]
[Date "2021.08.14"]
[Round "1"]
[White "Borkowska, Zuzanna"]
[Black "Podgorski, Maciej"]
[Result "0-1"]
[WhiteElo "1548"]
[BlackElo "1981"]
[PlyCount "56"]
[EventDate "2021.08.14"]
[EventType "swiss"]
[EventRounds "9"]
[EventCountry "POL"]
[SourceTitle "CBM 204 Extra"]
[Source "ChessBase"]
[SourceDate "2021.11.30"]
[SourceVersion "1"]
[SourceVersionDate "2021.11.30"]
[SourceQuality "1"]

1. e4 c6 2. d4 d5 3. exd5 cxd5 4. c4 Nf6 5. Nc3 Nc6 6. Be3 Bf5 7. Qb3 Na5 8. Qd1 Nxc4 9. Bxc4 dxc4 10. Qa4+ Bd7 11. Qxc4 Rc8 12. Qe2 b5 13. Nxb5 Qa5+ 14. Nc3 Ne4 15. Bd2 Nxd2 16. Qxd2 g6 17. Nge2 Bg7 18. 0-0 0-0 19. Rfe1 Rfd8 20. a3 Bc6 21. Qe3 e6 22. Rad1 Rb8 23. Qd2 Rb7 24. Na2 Qd5 25. Nf4 Qxa2 26. Qa5 Rbb8 27. Qc5 Ba8 28. Qxa7 Qxb2 0-1